000
00293nam a22001337a 4500
008
170829b xxu||||| |||| 00| 0 eng d
020
_a
0534607349
041
_a
eng
080
_2
3 ED
_a
070
100
_a
39
101
_a
MED
245
_a
COMMUNICATION MOSAIC
_c
EOOD.J.T
942
_2
udc
_c
BK
999
_c
25253
_d
25253